|
|
|
|
| LEADER |
01625nam a2200433 a 4500 |
| 001 |
EBC3050852 |
| 003 |
MiAaPQ |
| 005 |
20200520144314.0 |
| 006 |
m o d | |
| 007 |
cr cn||||||||| |
| 008 |
110909s2012 dcua sb 001 0 eng d |
| 010 |
|
|
|z 2011037612
|
| 020 |
|
|
|z 0821387588
|
| 020 |
|
|
|z 9780821387580
|
| 020 |
|
|
|a 9780821387597 (electronic bk.)
|
| 035 |
|
|
|a (MiAaPQ)EBC3050852
|
| 035 |
|
|
|a (Au-PeEL)EBL3050852
|
| 035 |
|
|
|a (CaPaEBR)ebr10527219
|
| 035 |
|
|
|a (OCoLC)776984882
|
| 040 |
|
|
|a MiAaPQ
|c MiAaPQ
|d MiAaPQ
|
| 050 |
|
4 |
|a HD111
|b .D357 2012
|
| 082 |
0 |
4 |
|a 333.73
|2 23
|
| 100 |
1 |
|
|a Deininger, Klaus W.,
|d 1962-
|
| 245 |
1 |
4 |
|a The land governance assessment framework
|h [electronic resource] :
|b identifying and monitoring good practice in the land sector /
|c Klaus Deininger, Harris Selod, and Anthony Burns.
|
| 260 |
|
|
|a Washington, D.C. :
|b World Bank,
|c c2012.
|
| 300 |
|
|
|a xvi, 147 p. :
|b ill.
|
| 490 |
1 |
|
|a Agriculture and rural development
|
| 504 |
|
|
|a Includes bibliographical references and index.
|
| 533 |
|
|
|a Electronic reproduction. Ann Arbor, MI : ProQuest, 2015. Available via World Wide Web. Access may be limited to ProQuest affiliated libraries.
|
| 650 |
|
0 |
|a Land use, Rural.
|
| 650 |
|
0 |
|a Land tenure.
|
| 650 |
|
0 |
|a Public lands
|x Management.
|
| 655 |
|
4 |
|a Electronic books.
|
| 700 |
1 |
|
|a Selod, Harris.
|
| 700 |
1 |
|
|a Burns, Anthony
|q (Anthony F.)
|
| 710 |
2 |
|
|a World Bank.
|
| 710 |
2 |
|
|a ProQuest (Firm)
|
| 830 |
|
0 |
|a Agriculture and rural development series.
|
| 856 |
4 |
0 |
|u https://ebookcentral.proquest.com/lib/matrademy/detail.action?docID=3050852
|z Click to View
|